000
00272nam a2200109Ia 4500
008
200302s9999 xx 000 0 und d
100
_a
Arthur Gao ed.
245
_a
Building Skin and Details
260
_b
Design Media Publishing Limited
260
_c
2010
300
_a
287 P.,
999
_c
3873
_d
3873